000 00292nam a2200121Ia 4500
999 _c14301
_d14301
008 260210s9999 xx 000 0 und d
020 _a9780471102359
082 _a691.09172
100 _aSpence
245 0 _aBuilding Materials In Developing Countries
260 _bWiley
942 _cUG
_2ddc